|
|
|
|
| LEADER |
01247nam a22003257i 4500 |
| 001 |
001914760 |
| 003 |
CZ BrMZK |
| 005 |
20241106102324.0 |
| 007 |
ta |
| 008 |
241106s1922 gw er|||||||||||ger d |
| 040 |
|
|
|a BOA001
|b cze
|e rda
|
| 041 |
1 |
|
|a ger
|h eng
|
| 100 |
1 |
|
|a Bolingbroke, Henry St. John,
|c Viscount,
|d 1678-1751
|7 mzk2009510746
|4 aut
|
| 245 |
1 |
4 |
|a Das Bild eines patriotischen Königs :
|b Ein Brief über den Geist des Patriotismus : zwei Schriften /
|c von Lord Bolingbroke ; übertragen und eingeleitet von Gertrud Bergmann
|
| 264 |
|
1 |
|a Leipzig :
|b Philipp Reclam jun.,
|c [1922?]
|
| 300 |
|
|
|a 85 stran ;
|c 16 cm
|
| 336 |
|
|
|a text
|b txt
|2 rdacontent
|
| 337 |
|
|
|a bez média
|b n
|2 rdamedia
|
| 338 |
|
|
|a svazek
|b nc
|2 rdacarrier
|
| 490 |
1 |
|
|a Universal-Bibliothek ;
|v 6273
|
| 500 |
|
|
|a Přeloženo z angličtiny?
|
| 546 |
|
|
|a Tištěno švabachem
|
| 700 |
1 |
|
|a Bergmann, Gertrud
|4 trl
|
| 700 |
1 |
2 |
|a Bolingbroke, Henry St. John,
|c Viscount,
|d 1678-1751
|7 mzk2009510746.
|t Brief über den Geist des Patriotismus
|
| 830 |
|
0 |
|a Universal-Bibliothek
|
| 910 |
|
|
|a BOA001
|b 1-0073.819,6273
|
| 990 |
|
|
|a BK
|
| 993 |
|
|
|a Y
|
| 991 |
|
|
|b 202410
|
| 996 |
6 |
|
|b BC-2519922
|c 1-0073.819,6273
|l MZK
|r Sklad / do 1 hodiny
|n 0
|w 001983773
|u 000010
|a 1
|e BOA001
|j MZK50
|s P
|